Some Beautiful Indian Climbers and Shrubs : (Record no. 592347)

MARC details
000 -LEADER
fixed length control field 00491nam a2200193 a 4500
008 - FIXED-LENGTH DATA ELEMENTS--GENERAL INFORMATION
fixed length control field 251018s1982##################000#0#eng##
020 ## - INTERNATIONAL STANDARD BOOK NUMBER
ISBN 9780195621631
082 04 - DEWEY DECIMAL CLASSIFICATION NUMBER
Classification number 582.0954
Item number BOR
100 1# - MAIN ENTRY--AUTHOR NAME
Personal name Bor, N. L.,
245 10 - TITLE STATEMENT
Title Some Beautiful Indian Climbers and Shrubs :
260 ## - PUBLICATION, DISTRIBUTION, ETC. (IMPRINT)
Year of publication 1982.
300 ## - PHYSICAL DESCRIPTION
Number of Pages 548 pages
650 #0 - SUBJECT ADDED ENTRY--TOPICAL TERM
Topical Term Gardening.
942 ## - ADDED ENTRY ELEMENTS (KOHA)
Koha item type English Books
Holdings
Withdrawn status Lost status Damaged status Not for loan Home library Current library Shelving location Date acquired Full call number Accession Number Price effective from Koha item type
        Anna Centenary Library Anna Centenary Library 5TH FLOOR, B WING 18.10.2025 582.0954 BOR 111935 18.10.2025 English Books

Find us on the map